00586nam a2200169 u 450000100100000000500170001000800410002704000250006808200150009310000380010824500770014626000350022349000300025859000750028883000360036399900170039900003615420200930074924.0111220s dr r 000 0 spa d aDO-SdBNPbspacBNPHU axxxxbA1851 aAcosta, Ceciliod1818-188191788710aCartas venezolanas :bApreciación de Cecilio Acosta /cCecilio Acosta. aMadrid :bEditorial-América.1 aBiblioteca Andrés Bello aPerteneció a la biblioteca personal de Juan Isidro Jimenes Grullón 0aBiblioteca Andrés Bello93963 c35645d35645